Berlin (Record no. 28802)

MARC details
000 -LEADER
fixed length control field 00242nam a2200109Ia 4500
082 ## - DEWEY DECIMAL CLASSIFICATION NUMBER
Classification number 82-3
Item number CAR
100 ## - MAIN ENTRY--AUTHOR NAME
Personal name Carter, Nick
245 #0 - TITLE STATEMENT
Title Berlin
260 ## - PUBLICATION, DISTRIBUTION, ETC. (IMPRINT)
Place of publication London
Name of publisher Tandem
Year of publication 1972
942 ## - ADDED ENTRY ELEMENTS (KOHA)
Koha item type Books
Holdings
Withdrawn status Lost status Damaged status Not for loan Home library Current library Date acquired Cost, normal purchase price Full call number Accession Number Koha item type
        RRII Library RRII Library 16/12/2021 8.00 82-3 CAR 09395 Books